| 000 | 00330nam a2200133Ia 4500 | ||
|---|---|---|---|
| 005 | 20251222144812.0 | ||
| 008 | 251222s9999||||xx |||||||||||||| ||spa|| | ||
| 020 | _a84-7908-502-9 | ||
| 082 | _a530.076/G23 | ||
| 100 | _aGarcia Molina, Rafael | ||
| 245 | 0 | _aProblemas de FĂsica | |
| 264 | _bUniversidad de Alicante | ||
| 942 | _cLIB | ||
| 999 |
_c20134 _d20134 |
||